[Event "Frankfurt-chB"]
[Site "Frankfurt"]
[Date "2018.05.14"]
[Round "3"]
[White "Kattenbusch, Sebastian"]
[Black "Pessotschinski, Eduard"]
[Result "0-1"]
[WhiteElo "1211"]
[BlackElo "1312"]
[PlyCount "118"]
[EventDate "2018.04.30"]
[EventType "swiss"]
[EventRounds "7"]
[EventCountry "GER"]
[SourceTitle "EXT 2019"]
[Source "ChessBase"]
[SourceDate "2018.10.10"]
[SourceVersion "1"]
[SourceVersionDate "2018.10.10"]
[SourceQuality "1"]

1. e4 c5 2. Nf3 d6 3. d4 cxd4 4. Nxd4 Nf6 5. Nc3 g6 6. Bb5+ Bd7 7. 0-0 Bg7 8. Bxd7+ Qxd7 9. Bf4 e5 10. Bg5 exd4 11. Qxd4 Nc6 12. Qd2 0-0 13. Rfe1 Rfe8 14. Bf4 Ne5 15. Qd4 Nfg4 16. Bxe5 Bxe5 17. Qd3 Nxh2 18. f3 g5 19. Qe3 h6 20. Nd5 Bxb2 21. c3 Re6 22. Rab1 Ng4 23. fxg4 Ba3 24. Qf3 Bc5+ 25. Kh1 Kg7 26. e5 dxe5 27. Rxe5 Rae8 28. Rbe1 Qd6 29. Rxe6 Rxe6 30. Rf1 f6 31. Qf5 Qe5 32. Qxe5 fxe5 33. Re1 Bd6 34. Kg1 Re8 35. c4 Rf8 36. Ne3 Bc5 37. Kh2 Bxe3 38. Rxe3 Kf6 39. Rf3+ Ke7 40. Rxf8 Kxf8 41. Kg3 Ke7 42. Kf3 Ke6 43. Ke4 b6 44. a4 a6 45. g3 a5 46. Kd3 Kd6 47. Ke4 Kc5 48. Kxe5 Kxc4 49. Kf5 Kb4 50. Kg6 Kxa4 51. Kxh6 b5 52. Kxg5 b4 53. Kf6 b3 54. g5 b2 55. g6 b1Q 56. g7 Qb2+ 57. Kf7 Qf2+ 58. Ke8 Qxg3 59. Kf8 Qxg7+ 0-1